000 00651nam a2200205Ia 4500
001 13259
003 GE_BSU
008 181216s||||||||xx |||||||||||||| ||und||
040 _cGE_BSU
080 _a634.8
245 _aАмпелография СССР.Ч.2
245 _bЧастная ампелография:стандартные и перспективные сорта винограда
245 _cОтв.ред.А.М.Флоров-Багреев
260 _aМосква
260 _bПищепромиздат
260 _c1953
300 _a404стр.илл.32см.
653 _aАмпелография СССР
942 _cBK
999 _c46423
_d46423